Southville International School and Colleges
Your cart is empty.
  • Cart
  • Lists
    Public lists Eva Luna New books Lux_list list_1
    Your lists Log in to create your own lists
  • Log in to your account
  • Your cookies
  • Search history
Southville International School and Colleges
  • Advanced search
  • Recent comments
  • Most popular
  • Libraries

Log in to your account

Log in with GOOGLE


If you do not have an external account, but do have a local account, you can still log in:

  1. Home
  2. MARC view: Key concepts in social gerontology /
Normal view MARC view ISBD view

Key concepts in social gerontology / (Record no. 283650)

[ view plain ]
MARC details
000 -LEADER
fixed length control field 01481cam a2200421 a 4500
001 - CONTROL NUMBER
control field 15762372
003 - CONTROL NUMBER IDENTIFIER
control field PILC
005 - DATE AND TIME OF LATEST TRANSACTION
control field 20150228090533.0
008 - FIXED-LENGTH DATA ELEMENTS--GENERAL INFORMATION
fixed length control field 090603s2010 cau b 001 0 eng d
010 ## - LIBRARY OF CONGRESS CONTROL NUMBER
LC control number 2009929965
015 ## - NATIONAL BIBLIOGRAPHY NUMBER
National bibliography number GBA9C3181
Source bnb
016 7# - NATIONAL BIBLIOGRAPHIC AGENCY CONTROL NUMBER
Record control number 015443007
Source Uk
020 ## - INTERNATIONAL STANDARD BOOK NUMBER
International Standard Book Number 9781412922715
020 ## - INTERNATIONAL STANDARD BOOK NUMBER
International Standard Book Number 1412922712
020 ## - INTERNATIONAL STANDARD BOOK NUMBER
International Standard Book Number 9781412922722 (pbk.)
020 ## - INTERNATIONAL STANDARD BOOK NUMBER
International Standard Book Number 1412922720 (pbk.)
035 ## - SYSTEM CONTROL NUMBER
System control number (OCoLC)ocn464584641
040 ## - CATALOGING SOURCE
Original cataloging agency UKM
Transcribing agency UKM
Modifying agency BTCTA
-- C#P
-- YDXCP
-- LML
-- DLC
042 ## - AUTHENTICATION CODE
Authentication code lccopycat
050 00 - LIBRARY OF CONGRESS CALL NUMBER
Classification number HQ 1061
Item number .P415 2010
082 04 - DEWEY DECIMAL CLASSIFICATION NUMBER
Classification number 305.263
100 1# - MAIN ENTRY--PERSONAL NAME
Personal name Phillips, Judith
Fuller form of name (Judith E.)
245 10 - TITLE STATEMENT
Title Key concepts in social gerontology /
Statement of responsibility, etc Judith Phillips, Kristine Ajrouch, and Sarah Hillcoat-Nallétamby.
246 18 - VARYING FORM OF TITLE
Title proper/short title Social gerontology
260 ## - PUBLICATION, DISTRIBUTION, ETC. (IMPRINT)
Place of publication, distribution, etc Los Angeles :
Name of publisher, distributor, etc SAGE,
Date of publication, distribution, etc 2010.
300 ## - PHYSICAL DESCRIPTION
Extent vii, 240 pages :
Dimensions 22 cm.
490 1# - SERIES STATEMENT
Series statement SAGE key concepts
504 ## - BIBLIOGRAPHY, ETC. NOTE
Bibliography, etc Includes bibliographical references (p. 221-231) and indexes.
650 #0 - SUBJECT ADDED ENTRY--TOPICAL TERM
Topical term or geographic name as entry element Social gerontology.
700 1# - ADDED ENTRY--PERSONAL NAME
Personal name Ajrouch, Kristine J.
700 1# - ADDED ENTRY--PERSONAL NAME
Personal name Hillcoat-Nallétamby, Sarah.
830 #0 - SERIES ADDED ENTRY--UNIFORM TITLE
Uniform title SAGE key concepts.
856 42 - ELECTRONIC LOCATION AND ACCESS
Materials specified Publisher description
Uniform Resource Identifier <a href="http://www.loc.gov/catdir/enhancements/fy1101/2009929965-d.html">http://www.loc.gov/catdir/enhancements/fy1101/2009929965-d.html</a>
856 41 - ELECTRONIC LOCATION AND ACCESS
Materials specified Table of contents only
Uniform Resource Identifier <a href="http://www.loc.gov/catdir/enhancements/fy1101/2009929965-t.html">http://www.loc.gov/catdir/enhancements/fy1101/2009929965-t.html</a>
906 ## - LOCAL DATA ELEMENT F, LDF (RLIN)
a 7
b cbc
c copycat
d 2
e ncip
f 20
g y-gencatlg
942 ## - ADDED ENTRY ELEMENTS (KOHA)
Source of classification or shelving scheme Library of Congress Classification
Koha item type Books
Holdings
Withdrawn status Lost status Source of classification or shelving scheme Damaged status Home library Current library Shelving location Date acquired Source of acquisition Total Checkouts Full call number Barcode Date last seen Price effective from Koha item type
    Library of Congress Classification   College Library College Library General Circulation Section 02/28/2015 Library Fund   HQ 1061 .P415 2010 C19099 05/15/2018 02/28/2015 Books

Key concepts in social gerontology /

APA

Phillips J., Ajrouch K. J. & Hillcoat-Nallétamby S. (2010). Key concepts in social gerontology. Los Angeles: SAGE.

Chicago

Phillips Judith, Ajrouch Kristine J and Hillcoat-Nallétamby Sarah. 2010. Key concepts in social gerontology. Los Angeles: SAGE.

Harvard

Phillips J., Ajrouch K. J. and Hillcoat-Nallétamby S. (2010). Key concepts in social gerontology. Los Angeles: SAGE.

MLA

Phillips Judith, Ajrouch Kristine J and Hillcoat-Nallétamby Sarah. Key concepts in social gerontology. Los Angeles: SAGE. 2010.

  • Place hold
  • Print
  • Cite
  • Add to your cart (remove)
  • Save record
    BIBTEX Dublin Core MARCXML MARC (non-Unicode/MARC-8) MARC (Unicode/UTF-8) MARC (Unicode/UTF-8, Standard) MODS (XML) RIS
  • More searches
    Search for this title in:
    Other Libraries (WorldCat) Other Databases (Google Scholar) Online Stores (Bookfinder.com) Open Library (openlibrary.org)

Exporting to Dublin Core...

SOUTHVILLE LIBRARY

Southville International School and Colleges Library

1281 Tropical Ave. Cor. Luxembourg St., BF Homes International, Las Pinas City

Tel. No. 8256374 / 252358 Loc. 117/146

Powered by Koha